Encyclopedia of astrlogy with 100 example tables / (Record no. 57188)

MARC details
000 -LEADER
fixed length control field 00797nam a22002177a 4500
005 - DATE AND TIME OF LATEST TRANSACTION
control field 20110929165917.0
010 ## - LCCN (DPL NO)
LC control number G-001644
020 ## - INTERNATIONAL STANDARD BOOK NUMBER
Terms of availability 295.00
International Standard Book Number 8187077735
035 1d - SYSTEM CONTROL NUMBER
System control number G-001644
037 ## - SOURCE OF ACQUISITION
Source of stock number/acquisition Gift
082 ## - DEWEY DECIMAL CLASSIFICATION NUMBER
Classification number 133.503
100 ## - MAIN ENTRY--PERSONAL NAME
Personal name Lilly, William
245 E# - TITLE STATEMENT
Title Encyclopedia of astrlogy with 100 example tables /
Statement of responsibility, etc by William Lilly
250 ## - EDITION STATEMENT
Edition statement
260 ## - PUBLICATION, DISTRIBUTION, ETC. (IMPRINT)
Place of publication, distribution, etc New Delhi
Name of publisher, distributor, etc Ajay Book Service
Date of publication, distribution, etc 2010
270 ## - ADDRESS
Address 4215/1, Ansari Road, Darya Ganj
City New Delhi
Postal code 110002
300 ## - PHYSICAL DESCRIPTION
Extent ix, 493p.
Dimensions 24cm(pbk)
942 ## - ADDED ENTRY ELEMENTS (KOHA)
Source of classification or shelving scheme Dewey Decimal Classification
Item type English Books
Classification part 133.503
Call number suffix LIL
Holdings
Withdrawn status Lost status Not for loan Collection code Home library Current library Date acquired Source of acquisition Cost, normal purchase price Full call number Barcode Copy number Cost, replacement price Koha item type
      Non-fiction Janak Puri Janak Puri 29/09/2011 gift 295.00 133.503 LIL G-001644 1 295.00 English Books

© Delhi Public Library
Hit Counter
free hit counter